النظم الإسلامية : (رقم التسجيلة. 2607)

تفاصيل مارك
000 -الفاتح
عناصر البيانات ثابتة الطول 00847cam a2200205 i 4500
005 - تاريخ ووقت آخر معاملة
حقل ضبط 20251215112306.0
008 - عناصر البيانات ثابتة الطول
عناصر البيانات ثابتة الطول 250721s1999 le gr 000 0 ara d
082 14 - رقم تصنيف ديوي العشري
رقم التصنيف 216.9
رقم المادة ص ا ل
100 1# - مدخل رئيسي – اسم شخصي
الاسم الشخصي الصالح، صبحي
علاقة الشخص بالعمل/ دوره مؤلف.
245 31 - بيان العنوان
العنوان النظم الإسلامية :
بقية العنوان نشأتها وتطورها /
بيان المسؤولية تأليف الدكتور صبحي الصالح.
250 ## - بيان الطبعة
بيان الطبعة الطبعة الثانية عشرة.
264 31 - بيانات النشر، التوزيع…إلخ
مكان النشر، التوزيع...إلخ بيروت :
اسم الناشر، الموزع...إلخ دار العلم للملايين مؤسسة ثقافية للتاليف والترجمة والنشر،
تاريخ النشر، التوزيع...إلخ 1999.
300 ## - الوصف المادي
عدد الوحدات المكونة للوعاء 576 صفحة.
650 17 - مدخل إضافي بالموضوع - مصطلح موضوعي
مصطلح موضوعي أو اسم جغرافي كعنصر مدخل الفقه الإسلامي.
650 17 - مدخل إضافي بالموضوع - مصطلح موضوعي
مصطلح موضوعي أو اسم جغرافي كعنصر مدخل الأحكام السلطانية.
650 17 - مدخل إضافي بالموضوع - مصطلح موضوعي
مصطلح موضوعي أو اسم جغرافي كعنصر مدخل الأنظمة السياسية.
650 17 - مدخل إضافي بالموضوع - مصطلح موضوعي
مصطلح موضوعي أو اسم جغرافي كعنصر مدخل الأنظمة الإقتصادية.
942 ## - بيانات إضافية (كوها)
نوع التنصيف Dewey Decimal Classification
نوع المادة (كوها) كتب
المقتنيات
حالة السحب حالة الفقدان مصدر التصنيف حالة التلف غير قابل للإعارة المكتبة الرئيسية المكتبة الحالية موقع الرف تاريخ التزويد الرقم المتسلسل Total Checkouts رقم الإستدعاء الباركود تاريخ آخر ظهور تاريخ الفاتورة نوع المادة (كوها)
    Dewey Decimal Classification     المكتبة المركزية المكتبة المركزية الإعارة 06/07/2004 472521   216.9 / ص ا ل 472521 28/07/2025 06/07/2004 كتب
    Dewey Decimal Classification     مكتبة الراية الهاشمية للأطفال مكتبة الراية الهاشمية للأطفال الأطفال 05/01/2003 0295006   216.9/صال PLD00359337 28/07/2025 05/01/2003 كتب
    Dewey Decimal Classification     مكتبة بدر للأطفال مكتبة بدر للأطفال الإعارة 24/08/2022 268809   216.9/صال PLD00500289 28/07/2025 24/08/2022 كتب
Implemented & Customized by: BBB with SCIT (Smart Chains for Information Technology)

Powered by Koha